Fundamentals of tool design / (Record no. 60534)
[ view plain ]
| 000 -LEADER | |
|---|---|
| fixed length control field | 01355cam a22003494a 4500 |
| 001 - CONTROL NUMBER | |
| control field | 16102191 |
| 003 - CONTROL NUMBER IDENTIFIER | |
| control field | NUST-PNEC |
| 005 - DATE AND TIME OF LATEST TRANSACTION | |
| control field | 20170116180700.0 |
| 008 - FIXED-LENGTH DATA ELEMENTS--GENERAL INFORMATION | |
| fixed length control field | 100223s2010 miua b 001 0 eng |
| 010 ## - LIBRARY OF CONGRESS CONTROL NUMBER | |
| LC control number | 2010923364 |
| 020 ## - INTERNATIONAL STANDARD BOOK NUMBER | |
| International Standard Book Number | 9780872638679 |
| 040 ## - CATALOGING SOURCE | |
| Original cataloging agency | DLC |
| Transcribing agency | PNEC |
| Modifying agency | DLC |
| 050 00 - LIBRARY OF CONGRESS CALL NUMBER | |
| Classification number | TJ1185 |
| Item number | .F875 2010 |
| 082 ## - DEWEY DECIMAL CLASSIFICATION NUMBER | |
| Classification number | 621.9 NEE |
| 245 00 - TITLE STATEMENT | |
| Title | Fundamentals of tool design / |
| Statement of responsibility, etc. | chief technical reviewer and managing editor, John G. Nee ; contributors, William Dufraine, John W. Evans, Mark Hill. |
| 250 ## - EDITION STATEMENT | |
| Edition statement | 6th ed. |
| 260 ## - PUBLICATION, DISTRIBUTION, ETC. | |
| Place of publication, distribution, etc. | Dearborn, Mich. : |
| Name of publisher, distributor, etc. | Society of Manufacturing Engineers, |
| Date of publication, distribution, etc. | c2010. |
| 300 ## - PHYSICAL DESCRIPTION | |
| Extent | xvii, 446 p. : |
| Other physical details | ill. ; |
| Dimensions | 29 cm. + |
| Accompanying material | 1 DVD-ROM (4 3/4 in.) |
| 500 ## - GENERAL NOTE | |
| General note | http://www.amazon.com/Fundamentals-Tool-Design-6th-John/dp/0872638677/ref=sr_1_1?s=books&ie=UTF8&qid=1410162126&sr=1-1&keywords=9780872638679 |
| 650 #0 - SUBJECT ADDED ENTRY--TOPICAL TERM | |
| Topical term or geographic name entry element | Machine-tools |
| General subdivision | ME |
| 650 #0 - SUBJECT ADDED ENTRY--TOPICAL TERM | |
| Topical term or geographic name entry element | Metal-cutting tools |
| General subdivision | Design and construction. |
| 650 #0 - SUBJECT ADDED ENTRY--TOPICAL TERM | |
| Topical term or geographic name entry element | Gages |
| General subdivision | Design and construction. |
| 700 1# - ADDED ENTRY--PERSONAL NAME | |
| Personal name | Nee, John G. |
| 700 1# - ADDED ENTRY--PERSONAL NAME | |
| Personal name | Dufraine, William. |
| 700 1# - ADDED ENTRY--PERSONAL NAME | |
| Personal name | Evans, John W. |
| 700 1# - ADDED ENTRY--PERSONAL NAME | |
| Personal name | Hill, Mark. |
| 710 2# - ADDED ENTRY--CORPORATE NAME | |
| Corporate name or jurisdiction name as entry element | Society of Manufacturing Engineers. |
| 906 ## - LOCAL DATA ELEMENT F, LDF (RLIN) | |
| a | 7 |
| b | cbc |
| c | origcop |
| d | 2 |
| e | epcn |
| f | 20 |
| g | y-gencatlg |
| 942 ## - ADDED ENTRY ELEMENTS (KOHA) | |
| Source of classification or shelving scheme | |
| Koha item type | Book |
| Withdrawn status | Lost status | Source of classification or shelving scheme | Damaged status | Not for loan | Permanent Location | Current Location | Date acquired | Source of acquisition | Cost, normal purchase price | Total Checkouts | Full call number | Barcode | Date last seen | Cost, replacement price | Price effective from | Koha item type | Shelving location |
|---|---|---|---|---|---|---|---|---|---|---|---|---|---|---|---|---|---|
| Pakistan Navy Engineering College (PNEC) | Pakistan Navy Engineering College (PNEC) | 04/11/2011 | Progressive International Agency | 16810.00 | 621.902 SOC | PNECLIB-030136 | 09/08/2014 | 16810.00 | 04/11/2011 | Book | |||||||
| Pakistan Navy Engineering College (PNEC) | Pakistan Navy Engineering College (PNEC) | 12/24/2011 | Progressive International Agency | 15995.98 | 621.902 SOC | PNECLIB-030565 | 09/08/2014 | 15995.98 | 12/24/2011 | Book | |||||||
| Pakistan Navy Engineering College (PNEC) | Pakistan Navy Engineering College (PNEC) | 10/04/2015 | 621.902 SOC | PNECLIB-030557 | 10/04/2015 | Book | |||||||||||
| Pakistan Navy Engineering College (PNEC) | Pakistan Navy Engineering College (PNEC) | 10/04/2015 | 621.9 NEE | PNECLIB-030558 | 10/04/2015 | Book |
